000 00758nam a22002177a 4500
999 _c10516
_d10516
003 AR-CdUCM
008 190401b ||||| |||| 00| 0 spa d
040 _aMUNICIPALIDAD PROVINCIAL DEL CUSCO
_cBIBLIOTECA MUNICIPAL DEL CUSCO
082 _a573.6 /
_bF38 /1905
100 _aFernández, A.
_927422
245 _aTratado completo de antropometria /
260 _aMadrid :
_bPerez y compañía,
_c1905.
300 _a176 paginas ;
_c20 cm.
505 _aContenido : Antroponimia -- Gabinete antropométrico -- Antropómetro -- Taburete para la medición del pie -- Mesita de Ad - hoc ...
650 _aAntroponimia
_927423
650 _aTratado
_98328
650 _aMedidas
_927424
700 _aGarcia, S.
_927425
942 _2ddc
_cLIBROS
945 _arah